000
00303nam a22001337a 4500
008
171013b xxu||||| |||| 00| 0 eng d
020
_a
9780716776543
041
_a
eng
080
_2
4TH
_a
159.9
100
_a
51
101
_a
PSI
245
_a
DISCOVERING PSYCHOLOGY
_c
HOCKENBURY,D.H
942
_2
udc
_c
BK
999
_c
33814
_d
33814